000 00969nam a22001817a 4500
999 _c64025
_d64025
003 Ge_BSU
005 20260311173916.0
008 260311s1965 ge ||||| |||| 00| 0 geo d
041 _ageo
080 _a94(479.22-21) თ-77
100 _aთოფურიძე, ქ.
_926240
245 _aრუსთავი :
_bისტ. ნარკვევი /
_cქ. თოფურიძე; ივ. ჯავახიშვილის სახ. ისტორიის არქეოლოგიის და ეთნოგრაფიის ინ-ტი.
264 _aთბილისი :
_b მეცნიერება,
_c1965.
300 _a155 გვ. ;
_b22 სმ.
653 _aრუსთავის ისტორია
710 _aივ. ჯავახიშვილის სახ. ისტორიის არქეოლოგიის და ეთნოგრაფიის ინსტიტუტი.
_919111
942 _2udc
_cBK